<?xml version="1.0" encoding="UTF-8"?>
<collection xmlns:xsi="http://www.w3.org/2001/XMLSchema-instance" xsi:schemaLocation="http://www.loc.gov/MARC21/slim http://www.loc.gov/standards/marcxml/schema/MARC21slim.xsd" xmlns="http://www.loc.gov/MARC21/slim">
 <record>
  <leader>00000cmm a22000004a 4500</leader>
  <controlfield tag="001">UP-99796217611236433</controlfield>
  <controlfield tag="003">Buklod</controlfield>
  <controlfield tag="005">20241106114911.0</controlfield>
  <controlfield tag="006">m    go  j        </controlfield>
  <controlfield tag="007">cr |n |||auu|a</controlfield>
  <controlfield tag="008">241106s2011    xxu     o  j |      eng d</controlfield>
  <datafield tag="020" ind1=" " ind2=" ">
   <subfield code="a">9781430240273 (eBook)</subfield>
  </datafield>
  <datafield tag="035" ind1=" " ind2=" ">
   <subfield code="a">(iLib)UPD-00215705698</subfield>
  </datafield>
  <datafield tag="040" ind1=" " ind2=" ">
   <subfield code="a">DMLR</subfield>
   <subfield code="e">rda</subfield>
  </datafield>
  <datafield tag="041" ind1=" " ind2=" ">
   <subfield code="a">eng</subfield>
  </datafield>
  <datafield tag="042" ind1=" " ind2=" ">
   <subfield code="a">DMLUC</subfield>
  </datafield>
  <datafield tag="084" ind1=" " ind2=" ">
   <subfield code="a">TK 5105.875 I6</subfield>
   <subfield code="b">S94 2011eb</subfield>
  </datafield>
  <datafield tag="100" ind1="1" ind2=" ">
   <subfield code="a">Swenson, Erik</subfield>
  </datafield>
  <datafield tag="245" ind1="1" ind2="0">
   <subfield code="a">Practical SharePoint 2010 branding and customization</subfield>
   <subfield code="h">[electronic resource]</subfield>
   <subfield code="c">Erik Swenson.</subfield>
  </datafield>
  <datafield tag="264" ind1=" " ind2="1">
   <subfield code="a">Berkeley, CA</subfield>
   <subfield code="b">Apress</subfield>
   <subfield code="c">2011.</subfield>
  </datafield>
  <datafield tag="300" ind1=" " ind2=" ">
   <subfield code="a">1 online resource (xxiii, 344 p.)</subfield>
   <subfield code="b">ill. (colored portraits)</subfield>
  </datafield>
  <datafield tag="336" ind1=" " ind2=" ">
   <subfield code="a">text</subfield>
   <subfield code="2">rdacontent</subfield>
  </datafield>
  <datafield tag="337" ind1=" " ind2=" ">
   <subfield code="a">computer</subfield>
   <subfield code="2">rdamedia</subfield>
  </datafield>
  <datafield tag="338" ind1=" " ind2=" ">
   <subfield code="a">online resource</subfield>
   <subfield code="2">rdacarrier</subfield>
  </datafield>
  <datafield tag="506" ind1=" " ind2=" ">
   <subfield code="a">IP-based subscription, access limited to within on-campus computer network.</subfield>
   <subfield code="c">Access via Electronic Resources  of the UPD University Library Website.</subfield>
  </datafield>
  <datafield tag="520" ind1=" " ind2=" ">
   <subfield code="a">With Practical SharePoint 2010 Branding and Customization, SharePoint branding expert Erik Swenson cuts through the fluff and discusses accessible, easy-to-understand consulting and processes to create aesthetically pleasing, highly usable branded and customized SharePoint websites, both internally and externally. Designed to be a quick reference, how-to guide that lets you dive straight into the task at hand, you'll find this book's attention to detail and pragmatism make it an attractive companion during your branding experience. SharePoint 2010 deployments are more common than ever, as is the desire to make the environment branded and attractive to both internal and external clients. However, since SharePoint is more than just a collection of web pages, customizing the look and feel and completing the process of branding the platform itself is complex and requires a knowledge of web development, web design techniques, and a familiarity with SharePoint administration a curious niche, to be sure. And sometimes, you just need to make quick fixes, while at other times, building an entirely customized and branded environment is a multi-step process with lots of stakeholder buy-in and development time required. Whether you're interested in applying just a touch of style to a team site, or you're branding a public-facing Fortune 500 website based on SharePoint, Practical SharePoint 2010 Branding and Customization is the only book you'll need to quickly, easily, and efficiently brand and customize your environment. Bonus: Includes the SharePoint 2010 Branding Starter Kit! This kit has everything you need to jumpstart successful and compelling designs. The kit includes a layered Adobe Photoshop file of a SharePoint 2010 site, two pre-built visual design examples, and a Visual Studio solution you can use to deploy either of the designs included. This starter kit is specifically prepared to save you substantial time kicking off your SharePoint branding project and to minimize potential roadblocks.   These branding tools would cost you as much as $500 if purchased separately, but they're included with the purchase of this book at no additional charge! Get started tod</subfield>
  </datafield>
  <datafield tag="533" ind1=" " ind2=" ">
   <subfield code="a">Electronic reproduction.</subfield>
   <subfield code="b">New York</subfield>
   <subfield code="c">SpringerLink</subfield>
   <subfield code="d">2011.</subfield>
   <subfield code="n">Available via World Wide Web through SpringerLi</subfield>
  </datafield>
  <datafield tag="650" ind1=" " ind2="0">
   <subfield code="a">Microsoft SharePoint (Electronic resour.</subfield>
  </datafield>
  <datafield tag="650" ind1=" " ind2="0">
   <subfield code="a">Intranets (Computer networ.</subfield>
  </datafield>
  <datafield tag="650" ind1=" " ind2="0">
   <subfield code="a">Web serve.</subfield>
  </datafield>
  <datafield tag="650" ind1=" " ind2="0">
   <subfield code="a">Electronic boo.</subfield>
  </datafield>
  <datafield tag="710" ind1="2" ind2=" ">
   <subfield code="a">SpringerLink (Online servi.</subfield>
  </datafield>
  <datafield tag="842" ind1=" " ind2=" ">
   <subfield code="a">Electronic Resou</subfield>
  </datafield>
  <datafield tag="856" ind1="4" ind2="0">
   <subfield code="y">Available for UP System via SpringerLink.</subfield>
   <subfield code="u">https://link.springer.com/book/10.1007/978-1-4302-4027-3</subfield>
  </datafield>
  <datafield tag="905" ind1=" " ind2=" ">
   <subfield code="a">FO</subfield>
  </datafield>
  <datafield tag="852" ind1="0" ind2=" ">
   <subfield code="a">UPD</subfield>
   <subfield code="b">DMLR</subfield>
   <subfield code="h">TK 5105.875 I6</subfield>
   <subfield code="i">S94 2011eb</subfield>
  </datafield>
  <datafield tag="942" ind1=" " ind2=" ">
   <subfield code="a">Electronic Resource</subfield>
  </datafield>
 </record>
</collection>
